01527nam a2200361 a 4500001001200000003000800012006001900020007001500039008004100054010001700095020004200112020002700154040002100181035002100202043001200223050002400235082001700259100002600276245014700302260005400449300001700503490009100520504005100611533015200662650003200814650003100846650001800877655002900895710001700924830008100941856012601022999001701148ebr10569494CaPaEBRm u cr cn|||||||||120221s2012 ne sb 001 0 eng d z 2012007324 z9789004222526 (hardback : alk. paper) z9789004222533 (e-book) aCaPaEBRcCaPaEBR a(OCoLC)795120526 aaw-----14aKZ1242b.A44 2012eb04a341.09352231 aAltman, Amnon,d1935-10aTracing the earliest recorded concepts of international lawh[electronic resource] :bthe ancient Near East (2500-330 BCE) /cby Amnon Altman. aLeiden ;aBoston :bM. Nijhoff Publishers,c2012. axxvi, 254 p.1 aLegal history library. Studies in the history of international law,x1874-1793 ;vv. 4 aIncludes bibliographical references and index. aElectronic reproduction.bPalo Alto, Calif. :cebrary,d2013.nAvailable via World Wide Web.nAccess may be limited to ebrary affiliated libraries. 0aInternational lawxHistory. 0aLawzMiddle EastxHistory. 0aLaw, Ancient. 7aElectronic books.2local2 aebrary, Inc. 0aLegal history library.pStudies in the history of international law ;vv. 4.40uhttp://site.ebrary.com/lib/rucke/Doc?id=10569494zAn electronic book accessible through the World Wide Web; click to view c81886d81886